Cover

LEADER 00000aam a2200000 i 4500
001 115533
003 CZ-ZlUTB
005 20260429082905.0
007 ta
008 251113s2025 xr ach e 000 0dcze d
015 |a cnb003711132 
020 |a 978-80-275-2621-5  |q (brožováno) 
040 |a CBA001  |b cze  |d ABA001  |d ZLD002  |e rda 
041 1 |a cze  |h eng 
043 |a n-us--- 
045 |a x-y- 
072 7 |a 78  |x Hudba  |2 Konspekt  |9 9 
080 |a 78.071.1/.2  |2 MRF 
080 |a 78  |2 MRF 
080 |a 62:001.892  |2 MRF 
080 |a 159.98:78  |2 MRF 
080 |a 78.01  |2 MRF 
080 |a 316.74:78  |2 MRF 
080 |a 78-042.4  |2 MRF 
080 |a 78.05  |2 MRF 
080 |a (73)  |2 MRF 
080 |a (048.8)  |2 MRF 
100 1 |a Byrne, David,  |d 1952-  |7 ola2002158142  |4 aut 
240 1 0 |a How music works.  |l Česky 
245 1 0 |a Jak funguje hudba /  |c David Byrne ; přeložil Filip Drlík 
250 |a První vydání 
264 1 |a Brno :  |b Host,  |c 2025 
300 |a 351 stran :  |b ilustrace (převážně barevné), faksimile ;  |c 22 cm 
336 |a text  |b txt  |2 rdacontent 
337 |a bez média  |b n  |2 rdamedia 
338 |a svazek  |b nc  |2 rdacarrier 
500 |a Přeloženo z angličtiny 
504 |a Obsahuje bibliografii, bibliografické odkazy a diskografii 
600 1 7 |a Byrne, David,  |d 1952-  |7 ola2002158142  |2 czenas 
648 7 |a 20.-21. století  |7 ch462155  |2 czenas 
650 0 7 |a hudebníci  |7 ph117204  |z Spojené státy americké  |y 20.-21. století  |2 czenas 
650 0 7 |a hudba  |7 ph114719  |x technické  |2 czenas 
650 0 7 |a technologický rozvoj  |7 ph306815  |2 czenas 
650 0 7 |a psychologie hudby  |7 ph136977  |2 czenas 
650 0 7 |a filozofie hudby  |7 ph120225  |2 czenas 
650 0 7 |a sociologie hudby  |7 ph135552  |2 czenas 
650 0 7 |a interpretace a přijetí hudebního díla  |7 ph957061  |2 czenas 
650 0 7 |a hudební průmysl  |7 ph202170  |y 20.-21. století  |2 czenas 
650 0 9 |a musicians  |z United States  |y 20th-21st centuries  |2 eczenas 
650 0 9 |a music  |2 eczenas 
650 0 9 |a technological development  |2 eczenas 
650 0 9 |a music psychology  |2 eczenas 
650 0 9 |a philosophy of music  |2 eczenas 
650 0 9 |a sociology of music  |2 eczenas 
650 0 9 |a interpretation and reception of music  |2 eczenas 
650 0 9 |a music industry and trade  |y 20th-21st centuries  |2 eczenas 
655 7 |a monografie  |7 fd132842  |2 czenas 
655 9 |a monographs  |2 eczenas 
700 1 |a Drlík, Filip,  |d 1986-  |7 xx0164666  |4 trl 
710 2 |a Host (vydavatelství)  |7 ko2003163544  |4 pbl 
910 |a ZLD002 
942 |2 udc 
952 |0 0  |1 0  |4 0  |5 0  |6 78BYRNED  |7 0  |8 BOOK  |9 190865  |a UTBZL  |b UTBZL  |c 006  |d 2026-04-24  |l 0  |o 78/BYRNE,D.  |p 420010202020  |r 2026-04-24 12:36:36  |v 599.00  |w 2026-04-24  |x N:nákup  |y 04 
992 |a BK  |b SK 
999 |c 115533  |d 115533